[Event "Karl Mala Memorial op 14th"]
[Site "Frankfurt"]
[Date "2011.07.10"]
[Round "7"]
[White "Bender, Julian"]
[Black "Hipler, Andreas"]
[Result "0-1"]
[WhiteElo "1614"]
[BlackElo "1914"]
[PlyCount "64"]
[EventDate "2011.07.07"]
[EventType "swiss"]
[EventRounds "7"]
[EventCountry "GER"]
[SourceTitle "EXT 2012"]
[Source "ChessBase"]
[SourceDate "2011.11.24"]
[SourceVersion "1"]
[SourceVersionDate "2011.11.24"]
[SourceQuality "1"]

1. d4 Nf6 2. c4 e6 3. g3 d5 4. Bg2 c6 5. Nf3 Bd6 6. 0-0 Nbd7 7. Re1 0-0 8. Nc3 dxc4 9. e4 e5 10. Be3 b5 11. dxe5 Nxe5 12. Nxe5 Bxe5 13. f4 Bxc3 14. bxc3 Qc7 15. Qc2 Rd8 16. Bd4 Qe7 17. h3 Bb7 18. Qf2 a6 19. Kh2 Rac8 20. Bc5 Qe8 21. Bb6 Rd7 22. Bf3 Rd3 23. Bd4 c5 24. Bxf6 gxf6 25. Re3 Rcd8 26. Be2 Rxe3 27. Qxe3 Qxe4 28. Qf2 Rd2 29. Re1 Qc2 30. Qe3 Be4 31. Kg1 Bd3 32. Bxd3 Rxd3 0-1

[Event "Rhein Main op-A 14th"]
[Site "Bad Homburg"]
[Date "2011.06.24"]
[Round "4"]
[White "Goebel, Andreas"]
[Black "Bender, Julian"]
[Result "1/2-1/2"]
[WhiteElo "2032"]
[BlackElo "1614"]
[PlyCount "129"]
[EventDate "2011.06.22"]
[EventType "swiss"]
[EventRounds "7"]
[EventCountry "GER"]
[SourceTitle "EXT 2012"]
[Source "ChessBase"]
[SourceDate "2011.11.24"]
[SourceVersion "1"]
[SourceVersionDate "2011.11.24"]
[SourceQuality "1"]

1. Nf3 Nf6 2. g3 b6 3. Bg2 Bb7 4. c4 e6 5. 0-0 Be7 6. d4 0-0 7. Nc3 d5 8. Ne5 c6 9. e4 Nbd7 10. Be3 Nxe5 11. dxe5 Nxe4 12. Nxe4 dxe4 13. Bxe4 Qc7 14. f4 c5 15. Qf3 Bxe4 16. Qxe4 Rad8 17. g4 Qd7 18. b3 f5 19. gxf5 Rxf5 20. Qf3 g5 21. Rad1 Qe8 22. Rxd8 Bxd8 23. Qg3 Qg6 24. Kh1 gxf4 25. Bxf4 Qxg3 26. hxg3 Bg5 27. Kg2 Bxf4 28. gxf4 Rf7 29. Kg3 Rd7 30. Rf2 Kg7 31. Kg4 Kg6 32. Rg2 h6 33. Kf3+ Kf5 34. Rg8 Rd3+ 35. Ke2 Rh3 36. Rf8+ Ke4 37. Rf6 h5 38. Rxe6 Kxf4 39. Re7 Rh2+ 40. Kd3 Rxa2 41. e6 Ke5 42. Rh7 Kxe6 43. Rxh5 Rf2 44. Rh3 a6 45. Re3+ Kd6 46. Rh3 Rf6 47. Kc3 b5 48. b4 Kc6 49. bxc5 Kxc5 50. Rh5+ Kb6 51. cxb5 axb5 52. Rh3 Rf4 53. Kb3 Ka5 54. Rg3 Rb4+ 55. Ka3 Rb1 56. Ka2 Rd1 57. Kb3 Rd5 58. Rh3 b4 59. Rg3 Kb5 60. Rh3 Rc5 61. Rg3 Re5 62. Rh3 Rd5 63. Rg3 Rd4 64. Rg5+ Kc6 65. Rg6+ 1/2-1/2